| 000 | 01706cam a22004454i 4500 | ||
|---|---|---|---|
| 003 | PE-LiUPU | ||
| 005 | 20250731172858.0 | ||
| 008 | 161229s2016 miu r 000 0 spa d | ||
| 020 | _a0310243602 | ||
| 020 | _a9780310243601 | ||
| 035 | _a(Sirsi) a165784 | ||
| 040 |
_aPE-LiUPU _bspa _cPE-LiUPU _erda |
||
| 049 | _aPRUA | ||
| 082 | 0 | 4 |
_a226.507 _bK62 _223 |
| 100 | 1 |
_aKlink, Edward W.,c III,d1975-, _eautor. |
|
| 245 | 1 | 0 |
_aJohn : _bZondervan exegetical commentary on the New Testament / _cEdward W. Klink III ; Clinton E. Arnold, general editor. |
| 264 |
_aGrand Rapids, Michigan : _bZondervan, _c[2016] |
||
| 300 |
_a970 páginas ; _c25 centímetros. |
||
| 336 |
_atext _btxt _2rdacontent |
||
| 337 |
_aunmediated _bn _2rdamedia |
||
| 338 |
_avolume _bnc _2rdacarrier |
||
| 490 | 0 |
_aZondervan exegetical commentary on the New Testament ; _vvolume 4 |
|
| 505 | 0 | _aSeries introduction -- Author's -- Abbreviations -- Introduction -- Select bibliography -- Commentary on Jhon -- Theology of Jhon -- Scripture index -- Other Ancient literature index -- Subject index -- Author index. | |
| 526 | _aSEG42 | ||
| 526 | _aSEG41 | ||
| 526 | _aSEG40 | ||
| 526 | _aSEG39 | ||
| 526 | _aP94 | ||
| 526 | _aP87 | ||
| 526 | _aP86 | ||
| 526 | _aP85 | ||
| 526 | _aP77 | ||
| 526 | _aP76 | ||
| 526 | _aP35 | ||
| 650 | 0 | 4 |
_aBiblia. _pN.T. _pJuan _xComentarios. |
| 596 | _a1 | ||
| 942 |
_2ddc _cBOOK |
||
| 999 |
_a226.507 K62 _wLC _c14532 _i74929 _d14532 _e2017-11-5 _f2021-11-9 _g5 _lCCODEBUL1 _mBUL _n2 _p30.00 _q19 _r0 _sY _tBOOK _u2016-12-29 _xTEOLOGIA _PP85 _0COMPRA _o.STAFF. Colección Teología |
||
| 980 |
_81 _gALBERTO SANCHEZ Responsable de Automatización |
||